Five Easy Pieces /

Guardado en:
Bibliografiske detaljer
Hovedforfatter: Rafelson, Bob (realización)
Andre forfattere: Eastman, Carole (guión) (guión), Kovács, László (fotógrafo) (fotógrafo), Rous, Bucky (vestuario) (vestuario), Holmes, Christopher (montaje) (montaje), Shepard, Gerald (montaje) (montaje), Nicholson, Jack (actuación) (actuación), Black, Karen (actuación) (actuación), Bush, Billy Green (actuación) (actuación), Rafelson, Bob (comentarios) (comentarios), Rafelson, Toby Carr (comentarios) (comentarios)
Format: Slide
Sprog:engelsk
Serier:(Criterion Collection ; 546)
Fag:
Tags: Tilføj Tag
Ingen Tags, Vær først til at tagge denne postø!

MARC

LEADER 00000ngm^a2200000^a^4500
001 000404521
005 20250521000000.0
009 20260310121806.431
020 |a 978-1-60465-357-1 
020 |a 978-1-60465-348-9 
037 |a Acervo ITESO - Biblioteca 
041 |a ING 
082 |a 808. 8  |b CRI V. 546 
100 |a Rafelson, Bob  |e (realización) 
240 1 1 |a [America Lost and Found: The BBS Story] 
240 1 1 |a [Mi vida es mi vida] 
245 1 0 |a Five Easy Pieces /  |c Realización de B. Rafelson. 
246 2 |a Título en México: Mi vida es mi vida 
246 2 |a Título alternativo en español (Cuba): Cinco piezas fáciles 
264 2 |a Nueva York, EUA :  |b Criterion Collection [distribución],  |c 2010, c2010 
300 |a 1 blu-ray región A (98 min.) :  |b color 
336 |a imagen móvil bidimensional  |b tdi  |2 rdacontenido 
337 |a video  |b v  |2 rdamedio 
338 |a videodisco  |b vd  |2 rdasoporte 
440 1 |a (Criterion Collection ;  |v 546) 
546 |a En inglés, con subtítulos opcionales: inglés 
586 |a Premio Oscar, de la Academia Norteamericana de Cine (43°: 1970): Mejor Película (finalista) 
586 |a Premio Globo de Oro, de la Asociación de la Prensa Extranjera de Hollywood (28°: 1970): Mejor Película – Drama (finalista) 
586 |a Premio Globo de Oro, de la Asociación de la Prensa Extranjera de Hollywood (28°: 1970): Mejor Dirección (finalista: Bob Rafelson) 
586 |a Registro Nacional de Cine de la Biblioteca del Congreso: Declaraciones de 2000 
649 |a XX 
650 |a Dramas Cinematográficos 
650 |a Cine Independiente -  |z EUA 
650 |a Cine Norteamericano -  |y 1970-1979 
650 |a Cine Norteamericano -  |y Siglo XX 
700 |a Eastman, Carole  |e (guión) 
700 |a Kovács, László  |e (fotógrafo) 
700 |a Rous, Bucky  |e (vestuario) 
700 |a Holmes, Christopher  |e (montaje) 
700 |a Shepard, Gerald  |e (montaje) 
700 |a Nicholson, Jack  |e (actuación) 
700 |a Black, Karen  |e (actuación) 
700 |a Bush, Billy Green  |e (actuación) 
700 |a Rafelson, Bob  |e (comentarios) 
700 |a Rafelson, Toby Carr  |e (comentarios) 
910 |a Fondo General 
920 |a Audiovisuales - Blu-rays 
940 |a Películas 
905 |a 309 
901 |a 0500298980  |b IT2  |c BRR  |i c152816  |u 20250521 
902 |a https://opac.biblio.iteso.mx/vufind/Record/000404521